NJPW Wrestle Kingdom Intercontinental Championship Defenses - Statistics

General Stats
  • This quiz has been taken 7 times
  • The average score is 18 of 22
Answer Stats
Event Wrestler % Correct
Wrestle Kingdom 14: Night Two Kazuchika Okada
100%
Wrestle Kingdom 9 Kota Ibushi
100%
Wrestle Kingdom 15: Night One Kota Ibushi
100%
Wrestle Kingdom 15: Night Two Kota Ibushi
100%
Wrestle Kingdom 11 Tetsuya Naito
100%
Wrestle Kingdom 13 Tetsuya Naito
100%
Wrestle Kingdom 14: Night One Tetsuya Naito
100%
Wrestle Kingdom 14: Night Two Tetsuya Naito
100%
Wrestle Kingdom 15: Night One Tetsuya Naito
100%
Wrestle Kingdom 8 Hiroshi Tanahashi
80%
Wrestle Kingdom 11 Hiroshi Tanahashi
80%
Wrestle Kingdom 12 Hiroshi Tanahashi
80%
Wrestle Kingdom 7 Shinsuke Nakamura
80%
Wrestle Kingdom 8 Shinsuke Nakamura
80%
Wrestle Kingdom 9 Shinsuke Nakamura
80%
Wrestle Kingdom 10 Shinsuke Nakamura
80%
Wrestle Kingdom 10 AJ Styles
60%
Wrestle Kingdom 13 Chris Jericho
60%
Wrestle Kingdom 12 Jay White
60%
Wrestle Kingdom 14: Night One Jay White
60%
Wrestle Kingdom 15: Night Two Jay White
60%
Wrestle Kingdom 7 Kazushi Sakuraba
0%
No matching quizzes found
Score Distribution
Percent of People with Each Score
Percentile by Number Answered
Your Score History
You have not taken this quiz